Abbreviation Speedrun - Level 4 - Statistics

General Stats
  • This quiz has been taken 4 times
  • The average score is 7 of 15
Answer Stats
Sentence Abbreviation % Correct
Here is a freebee HIAF
100%
Have mercy on my soul HMOMS
100%
No more difficulties NMD
75%
Some more might be easy SMMBE
75%
Award prizes to the king and queen of England APTKQE
50%
Can the house of international nunchucks ask CHINA
50%
Did I trick you with the sixth sentence DITYWSS
50%
I know it's hard IKIH
50%
Sorry about the fourth one SAFO
50%
Just four more to go JFMTG
25%
The first animals on Earth were dinosaurs TFAOEWD
25%
If here, your typing is one of the best IHYTIOB
0%
One and two and three left OTTL
0%
People of America and Russia I suppose PARIS
0%
Random phrases are hard to find RPAHTF
0%
No matching quizzes found
Score Distribution
Percent of People with Each Score
Percentile by Number Answered
Your Score History
You have not taken this quiz